000 00904cam a2200217 4500
001 ABS60833
008 000000n1999 000 0 eng u
035 _a(Sirsi) u101337
100 _aBell, P.
245 _aLocal planners caught in dogfight over airfield use.
260 _c1999
490 _aPlanning (for the Natural and Built Environment)
_v(1324) 25 June 1999, 20-21(2)
520 _aA report on airfield sites carried out for the Economic and Social Research Council indicates that many local authorities find it difficult to reconcile the conflicting interests of developers, flying groups and local residents. Suggests improved guidance and a revised regulatory framework as a way forward.
650 _aAIRFIELD
650 _aREDEVELOPMENT
650 _aLOCAL AUTHORITIES
650 _aCHANGE OF USE
690 _aPLANNING LAW AND PRACTICE
700 _aGallent, N.
942 _n0
999 _c60484
_d60484